Around the Coast of Antarctica (Territorial Claims) Quiz Stats

 Plays Quiz not verified by Sporcle

Score 0/26 Timer 05:00
0 Plays Today
Answer % Correct
Unclaimed
100%
Chile
77.1%
Australia
48.6%
New Zealand
48.6%
Australia
45.7%
New Zealand
45.7%
Argentina
42.9%
Norway
42.9%
Australia
42.9%
New Zealand
40%
New Zealand
40%
France
37.1%
Chile
31.4%
Answer % Correct
Chile
31.4%
Chile and United Kingdom
28.6%
Unclaimed
28.6%
Unclaimed
28.6%
Chile, United Kingdom, and Argentina
25.7%
Unclaimed
25.7%
Chile and United Kingdom
22.9%
Chile, United Kingdom, and Argentina
20%
Chile and United Kingdom
20%
Chile and United Kingdom
20%
Chile and United Kingdom
20%
Chile, United Kingdom, and Argentina
20%
United Kingdom and Argentina
20%

You're not logged in!

Compare scores with friends on all Sporcle quizzes.
OR
Log In

Sporcle TV

Today on Sporcle TV


Watch our educational content, quiz creation guides, and fun videos on Sporcle TV.

Show Comments

Extras

Top Quizzes Today


Score Distribution

Your Account Isn't Verified!

In order to create a playlist on Sporcle, you need to verify the email address you used during registration. Go to your Sporcle Settings to finish the process.

Report this User

Report this user for behavior that violates our Community Guidelines.

Details: